000
00254nam a22001097a 4500
082
_a
620.112 POP'M
100
_a
POPOV, E. P
_9
34542
245
_a
MECHANICS OF MATERIALS SI VERSION
250
_a
2ND
260
_a
NEWYORK
_b
MCGRAW HILL
_c
1976
942
_c
BK
999
_c
569797
_d
569797